| 000 | 00742cam a22002412 4500 | ||
|---|---|---|---|
| 001 | 0000024949 | ||
| 005 | 20151217145950.0 | ||
| 008 | 140401s xx 000 0 eng d | ||
| 020 | _a0077122852 : | ||
| 040 |
_aKABU _cKABU |
||
| 050 | 0 |
_aHF1416 _b.G43 2010 |
|
| 100 | 1 |
_aGhauri, Pervez. _@0000185280 |
|
| 245 | 1 | 0 |
_aInternational marketing / _cPervez Ghauri and Philip Cateora. |
| 250 | _a3rd ed. | ||
| 260 |
_aLondon : _bMcGraw-Hill Educ., _cc2010. |
||
| 300 | _axlvi, 682. | ||
| 650 | 0 |
_aExport marketing. _@0000151331 |
|
| 650 | 0 |
_aInternational business enterprises. _@0000150869 |
|
| 700 | 1 |
_aCateora, Philip. _@0000185281 |
|
| 852 | 1 | _9p3950 KES | |
| 908 | _a140401 | ||
| 950 | _@1 | ||
| 999 |
_c4587 _d4587 |
||